| 000 | 00468cam a2200193ua 4500 | ||
|---|---|---|---|
| 020 | _c76.00 | ||
| 041 |
_aeng _h |
||
| 082 |
_a581 _bMCL/TE |
||
| 100 | _aMclean, R C . | ||
| 245 |
_aText book of theoretical botany, vol-2 / _cR C Mclean. _hTextual Documents |
||
| 250 |
_a2 / _b. |
||
| 260 |
_aLondon : _bLongman , _c1961. |
||
| 300 | _a2201 ; . | ||
| 365 | _a76.00 | ||
| 504 | _a | ||
| 700 | 1 | _aIvimey-cook, W R . | |
| 942 | _cBK | ||
| 999 |
_c7401 _d7401 |
||